Lịch sử Nhật Bản
Đã lưu trong:
| 主要作者: | |
|---|---|
| 其他作者: | , , |
| 格式: | 圖書 |
| 出版: |
Hà Nội
Văn hóa - Thông tin
1995
|
| 主題: | |
| 標簽: |
添加標簽
沒有標簽, 成為第一個標記此記錄!
|
| Thư viện lưu trữ: | Trung tâm Học liệu Lê Vũ Hùng, Trường Đại học Đồng Tháp |
|---|
| LEADER | 00860pam a22002658a 4500 | ||
|---|---|---|---|
| 001 | 00038642 | ||
| 005 | 20171026081025.0 | ||
| 008 | 170516s1995 ||||||Viesd | ||
| 041 | 0 | # | |a Vie |
| 082 | 1 | 4 | |a 952 |b L302S |
| 100 | 1 | # | |a Phan, Ngọc Liên |
| 245 | 1 | 0 | |a Lịch sử Nhật Bản |c Phan Ngọc Liên chủ biên...[và những người khác] |
| 260 | # | # | |a Hà Nội |b Văn hóa - Thông tin |c 1995 |
| 300 | # | # | |a 304 tr. |c 24 cm |
| 653 | # | # | |a Lịch sử |
| 653 | # | # | |a Nhật Bản |
| 700 | 1 | # | |a Trần, Thị Vinh |
| 700 | 1 | # | |a Đinh, Ngọc Bảo |
| 700 | 1 | # | |a Đỗ, Thanh Bình |
| 852 | # | # | |b Kho mượn |j KM.0022122 |
| 852 | # | # | |b Kho đọc |j KD.0020998 |
| 852 | # | # | |j KD.0020998 |j KM.0022122 |
| 910 | |d 16/05/2017 | ||
| 980 | # | # | |a Trung tâm Học liệu Lê Vũ Hùng, Trường Đại học Đồng Tháp |